000
00292nam a22001337a 4500
008
170316b xxu||||| |||| 00| 0 eng d
020
_a
01303514745
041
_a
eng
080
_2
3 ED
_a
611
100
_a
7
101
_a
SHM
245
_a
ANATOMY AND PHYSIOLOGY
_c
EVANS.W.E
942
_2
udc
_c
BK
999
_c
7962
_d
7962